|
|
|
|
| LEADER |
01029nam a2200265 a 4500 |
| 001 |
4213206 |
| 008 |
090714s1981 nju b 001 0 eng d |
| 010 |
|
|
|a 81159533
|
| 020 |
|
|
|a 0729100774
|
| 020 |
|
|
|a 0729100723
|
| 020 |
|
|
|a 038920174X
|
| 020 |
|
|
|a 0389201758 (pbk.)
|
| 040 |
|
|
|a DLC
|c DLC
|d DLC
|
| 082 |
0 |
0 |
|a 821/.009
|2 19
|
| 100 |
1 |
|
|a Fraser, G. S.
|q (George Sutherland),
|d 1915-
|
| 245 |
1 |
2 |
|a A short history of English poetry /
|c G.S. Fraser.
|
| 260 |
|
|
|a Totowa, N.J. :
|b Barnes & Noble Books, ;
|a Somerset :
|b Open book publishing Ltd.,
|c 1981.
|
| 300 |
|
|
|a x, 386 p. ;
|c 23 cm.
|
| 504 |
|
|
|a Includes Bibliography (p. 371-381) index.
|
| 541 |
1 |
|
|e 00009302
|
| 650 |
|
0 |
|a English poetry
|x History and criticism.
|
| 852 |
4 |
|
|a Ayesha Abed Library
|j General shelf
|
| 942 |
0 |
0 |
|0 1
|
| 999 |
|
|
|c 2406
|d 2406
|
| 952 |
|
|
|0 0
|1 0
|2 ddc
|4 1
|6 821_000000000000000__009_FRA
|7 0
|9 2225
|a BRACUL
|b BRACUL
|c SPS
|d 2009-07-14
|g 0.00
|l 6
|m 18
|o 821.009 FRA
|p 3010009302
|r 2015-09-23
|s 2015-09-16
|t 1
|w 2009-07-14
|y BK
|x No price found in the accession register.
|